Религиите по света (Запис номер 68793)
[ съкратено ]
| 000 -Лидер | |
|---|---|
| Контролно поле с фиксирана дължина | 01627nam a2200397 a 4500 |
| 003 - Код на организацията, давaща контролен номер | |
| Контролно поле | BLK |
| 005 - Дата и час на последна редакция | |
| Контролно поле | 20250102122655.0 |
| 008 - Елементи от данни с фиксирана дължина | |
| fixed length control field | 180408b bul|||||r ||||||| ||bul|| |
| 010 ## - Наследен системен номер | |
| LC control number | KNG00073123000 |
| 020 ## - Международен стандартен номер на книга ISBN | |
| Международен стандартен номер на книга ISBN | 978-954-308-156-1 |
| 040 ## - Източник на каталожния запис | |
| Идентификатор на билиотеката - собственик на записа | BLK |
| 041 ## - Код за език | |
| Код за езика на текст/звукозапис или на отделно заглавие | Български |
| Код за езика КДБФ | Български |
| 080 ## - УДК | |
| Текстов определител УДК | Религия. Теология. Вж и 141.4; 322 ; 348 |
| УДК код - определител по УДК | 2 |
| УДК определител | (100) |
| УДК - код + определител | 2(100) |
| 139 ## - Редно поле | |
| Редна дума | Религиите по света |
| Авторски знак | Рел - Р 50 |
| 245 10 - Сведения за заглавието | |
| Заглавие | Религиите по света |
| Подзаглавни данни | Запознайте се с убежденията и вярванията на хората в целия свят |
| Редно поле (дума) | прев. Михаела Михайлова. |
| 257 ## - Страна на издаване | |
| Страна на създаване/издаване | Великобритания |
| 260 ## - Област на издателските данни | |
| Име на издателя, разпространителя и проч. | Прес |
| Година на издаване | 2007 |
| Печатница | Пловдив : Делта + |
| Място на издаване, разпространение и проч. | София |
| 300 ## - Физическа характеристика | |
| Страници | 63 с. |
| Илюстрации и др. | с цв. ил. |
| Размери/Мащаб | 28 см |
| 380 ## - Жанр | |
| Жанр | Детска отраслова лит. |
| 490 ## - СЕРИИ (Колекции) | |
| Име на серия | Britannica |
| 9 (RLIN) | 203461 |
| 490 ## - СЕРИИ (Колекции) | |
| Име на серия | Библиотека Знание |
| №: серия | 11 |
| 9 (RLIN) | 202259 |
| 500 ## - Общи забележки | |
| Забележка | Ориг. загл. Britannica Learning Library - Religions Around the World. - Съдържа и Речник. |
| 590 ## - Забележки на библиотеката, притежаваща документа (RLIN) | |
| Служебно | Енциклопедия Британика |
| 650 #4 - Допълнително описание по предмет – тема | |
| Основно описание – тема или топоним | Религии - енциклопедии, речници и справочници |
| 9 (RLIN) | 269003 |
| 653 ## - Ключова дума – ненормативна | |
| Ключова дума | религии |
| 653 ## - Ключова дума – ненормативна | |
| Ключова дума | литература за деца |
| 653 ## - Ключова дума – ненормативна | |
| Ключова дума | детска литература |
| 700 1# - Други автори (авторска отговорност) | |
| Лично име | Михайлова, Михаела |
| Автороска отговорност (Описва отношението между автора и произведението) | прев. |
| 9 (RLIN) | 367017 |
| 852 ## - Местоположение | |
| Форматна сигнатура | Цб ІІ 14180 |
| Фондова буква | Хранилище |
| 856 4# - Електронен адрес и достъп | |
| Електронен формат | pdf - файл |
| 856 4# - Електронен адрес и достъп | |
| Електронен формат | pdf - файл |
| 999 ## - СИСТЕМНИ КОНТРОЛНИ НОМЕРА | |
| Koha biblionumber | 68793 |
| Koha biblioitemnumber | 68793 |
| 942 ## - АРТИКУЛИ | |
| Вид на библиотечния материал | Книги |
| Скрит в OPAC | Не |
| Периодичен библиозапис | Да |
| Koha issues (borrowed), all copies | 3 |
| 944 ## - СЪЗДАВАНЕ И РЕДАКЦИЯ на ЗАПИСА | |
| Създаване/Редакция | Създаване |
| Дата на регистрацията/редакция | 19.03.2007 |
| Статус, дата на статуса | Ива Цветкова |
| Служител, извършил регистрацията/редакцията | 30543 |
| 944 ## - СЪЗДАВАНЕ И РЕДАКЦИЯ на ЗАПИСА | |
| Създаване/Редакция | Редакция |
| Дата на регистрацията/редакция | 24.01.2014 |
| Статус, дата на статуса | ф / |
| 999 ## - СИСТЕМНИ КОНТРОЛНИ НОМЕРА | |
| Koha biblioitemnumber | 68793 |
| Код за отписване | Код за изгубен артикул | Код за повреда | Коз за рестрикции | Код за отдаване | Артикулен № | Име на библиотеката - собственик | Име на библиотеката, в която се намира в момента | Статус (Текущо местоположение) | Дата на вписване в системата | Местоположение - отдел | Цена в лева | Инвентарен номер | Систематично азбучна сигнатура | Баркод | Номер на екземпляра | Цена в евро | Служебна бележка | Служебен тип на артикула | Източник на класификационната схема |
|---|---|---|---|---|---|---|---|---|---|---|---|---|---|---|---|---|---|---|---|
| Не е изгубен | Не е повреден | без рестрикции | заемане за дома | 113027 | Регионална библиотека "Любен Каравелов" Русе | Регионална библиотека "Любен Каравелов" Русе | Детски отдел | 2007-03-20 | Детски отдел | 6.00 | 120000711435 | ДН 2/Р 50 | 120000711435 | 1 | 3.07 | Дост: Pk Вид: Ф N: 18 Дата: 05.03.2007 Дата инв: 26.08.2015 Бележки инв: Д2015 | Книги | ||
| Не е изгубен | Не е повреден | само за читалня | ползва се в читалня | 113028 | Регионална библиотека "Любен Каравелов" Русе | Регионална библиотека "Любен Каравелов" Русе | Хранилище | 2007-08-27 | Хранилище | 6.00 | 120000717062 | Цб ІІ 14180 | 120000717062 | 2 | 3.07 | Дост: Dp Вид: Д N: 17 Дата: 05.04.2007 | Книги | Universal Decimal Classification | |
| Не е изгубен | Не е повреден | без рестрикции | заемане за дома | 113029 | Регионална библиотека "Любен Каравелов" Русе | Регионална библиотека "Любен Каравелов" Русе | Детски отдел | 2014-01-07 | Детски отдел | 6.00 | 120000773116 | ДН 2/Р 50 | 120000773116 | 3 | 3.07 | Дост: DA Вид: А N: 1 Дата: 07.01.2014 Дата инв: 26.08.2015 Бележки инв: Д2015 | Книги |